| 000 | 00798nam a2200253Ia 4500 | ||
|---|---|---|---|
| 003 | OSt | ||
| 005 | 20220925204858.0 | ||
| 006 | a|||||r|||| 00| 0 | ||
| 007 | ta | ||
| 008 | 220923b |||||||| |||| 00| 0 eng d | ||
| 037 | _cGeneral Book | ||
| 040 |
_aRTL _cRTL _beng |
||
| 041 |
_2eng _aeng |
||
| 082 | _aY:386.730m79164.N7, L2 | ||
| 100 |
_aSaitz Robert L _968316 |
||
| 245 | 0 |
_aHandbook of gestures _b Colombia and the United States |
|
| 260 |
_aHague _bMouton _c1972 |
||
| 300 |
_a164p _ccm. |
||
| 490 | _aApproaches to semiotics. Ed by Thomas A Sebeok.31 | ||
| 500 | _aBibliography : P153-161 | ||
| 700 |
_a Cervenka Edward J _98576 |
||
| 942 |
_hY:386.730m79164.N7, L2 _cGB _2CC |
||
| 999 |
_c550660 _d550660 |
||